<?xml version="1.0" encoding="UTF-8"?>
<record
    xmlns:xsi="http://www.w3.org/2001/XMLSchema-instance"
    xsi:schemaLocation="http://www.loc.gov/MARC21/slim http://www.loc.gov/standards/marcxml/schema/MARC21slim.xsd"
    xmlns="http://www.loc.gov/MARC21/slim">

  <leader>02556cam a22004094a 4500</leader>
  <controlfield tag="001">15882907</controlfield>
  <controlfield tag="005">20161025143320.0</controlfield>
  <controlfield tag="008">090821s2010    enka     b    001 0 eng  </controlfield>
  <datafield tag="010" ind1=" " ind2=" ">
    <subfield code="a">  2009034680</subfield>
  </datafield>
  <datafield tag="016" ind1="7" ind2=" ">
    <subfield code="a">101513637</subfield>
    <subfield code="2">DNLM</subfield>
  </datafield>
  <datafield tag="020" ind1=" " ind2=" ">
    <subfield code="a">0415477565 (pbk)</subfield>
  </datafield>
  <datafield tag="020" ind1=" " ind2=" ">
    <subfield code="a">9780415477567 (pbk)</subfield>
  </datafield>
  <datafield tag="035" ind1=" " ind2=" ">
    <subfield code="a">(OCoLC)ocn434319115</subfield>
  </datafield>
  <datafield tag="040" ind1=" " ind2=" ">
    <subfield code="a">DNLM/DLC</subfield>
    <subfield code="c">DLC</subfield>
    <subfield code="d">YDX</subfield>
    <subfield code="d">BTCTA</subfield>
    <subfield code="d">NLM</subfield>
    <subfield code="d">YDXCP</subfield>
    <subfield code="d">NLGGC</subfield>
    <subfield code="d">DLC</subfield>
  </datafield>
  <datafield tag="042" ind1=" " ind2=" ">
    <subfield code="a">pcc</subfield>
  </datafield>
  <datafield tag="050" ind1="0" ind2="0">
    <subfield code="a">RJ253.5</subfield>
    <subfield code="b">.N467 2010</subfield>
  </datafield>
  <datafield tag="060" ind1="0" ind2="0">
    <subfield code="a">2010 F-337</subfield>
  </datafield>
  <datafield tag="060" ind1="1" ind2="0">
    <subfield code="a">WY 157.3</subfield>
    <subfield code="b">N438 2010</subfield>
  </datafield>
  <datafield tag="082" ind1="0" ind2="0">
    <subfield code="a">618.9201</subfield>
    <subfield code="2">22</subfield>
    <subfield code="b">NEO</subfield>
  </datafield>
  <datafield tag="245" ind1="0" ind2="0">
    <subfield code="a">Neonatal Intensive Care Nursing /</subfield>
    <subfield code="c">Edited by Glenys Boxwell.</subfield>
  </datafield>
  <datafield tag="250" ind1=" " ind2=" ">
    <subfield code="a">2nd ed.</subfield>
  </datafield>
  <datafield tag="260" ind1=" " ind2=" ">
    <subfield code="a">Abingdon, Oxon ;</subfield>
    <subfield code="a">New York :</subfield>
    <subfield code="b">Routledge, 2010</subfield>
    <subfield code="c">2010.</subfield>
  </datafield>
  <datafield tag="300" ind1=" " ind2=" ">
    <subfield code="a">xxxvii, 503 p. :</subfield>
    <subfield code="b">ill. (some col.) ;</subfield>
    <subfield code="c">26 cm.</subfield>
  </datafield>
  <datafield tag="504" ind1=" " ind2=" ">
    <subfield code="a">Includes bibliographical references and index.</subfield>
  </datafield>
  <datafield tag="505" ind1="0" ind2=" ">
    <subfield code="a">Evidence based practice / Fiona Hutchinson -- Developmentally focussed nursing care / Tilly Reid &amp; Yvonne Freer -- Families in NICU / Sue Turrill &amp; Liz Crathern -- Resuscitation of the newborn / Glenys Connolly (nee Boxwell) -- Management of thermal stability / Pauline Fellows -- Management of respiratory disorders / Simone Jollye &amp; David Summers -- Management of cardiovascular disorders / Rosarie Lombard -- Neonatal brain injury / Anja Hale -- Management of haematological disorders / Katie McKenna, Jackie Dent -- Management of neonatal pain / Kaye Spence -- Fluid and electrolyte balance / Glenys Connolly (nee Boxwell) and Dee Beresford -- Nutritional management in NICU / Kate Spence -- Neonatal infection / Glenys Connolly (nee Boxwell) -- Diagnostic and therapeutic procedures / Glenys Connolly and Elizabeth Harling -- Neonatal anaesthesia / Liam Brennan, Rachel Homer, Beverley Guard -- Neonatal surgery / Anne Aspin, Stevie Boyd -- Neonatal transport / Anne Mitchell, Stevie Boyd -- Medication in the newborn / Peter Mulholl and Catherine Hall -- Bereavement in the NICU / Joan Cameron -- Ethics and neonatal nursing / Helen Frizzel (nee McBean).</subfield>
  </datafield>
  <datafield tag="650" ind1=" " ind2="0">
    <subfield code="a">Neonatal intensive care.</subfield>
    <subfield code="9">23578</subfield>
  </datafield>
  <datafield tag="650" ind1=" " ind2="0">
    <subfield code="a">Intensive care nursing.</subfield>
    <subfield code="9">23580</subfield>
  </datafield>
  <datafield tag="650" ind1="1" ind2="2">
    <subfield code="a">Intensive Care, Neonatal</subfield>
    <subfield code="x">methods.</subfield>
    <subfield code="9">23581</subfield>
  </datafield>
  <datafield tag="650" ind1="1" ind2="2">
    <subfield code="a">Neonatal Nursing</subfield>
    <subfield code="x">methods.</subfield>
    <subfield code="9">23582</subfield>
  </datafield>
  <datafield tag="650" ind1="2" ind2="2">
    <subfield code="a">Infant, Newborn, Diseases</subfield>
    <subfield code="x">nursing.</subfield>
    <subfield code="9">23583</subfield>
  </datafield>
  <datafield tag="650" ind1="2" ind2="2">
    <subfield code="a">Infant, Premature, Diseases</subfield>
    <subfield code="x">nursing.</subfield>
    <subfield code="9">23584</subfield>
  </datafield>
  <datafield tag="653" ind1=" " ind2=" ">
    <subfield code="b">NUR</subfield>
    <subfield code="c">April2011</subfield>
  </datafield>
  <datafield tag="650" ind1=" " ind2="0">
    <subfield code="9">23579</subfield>
    <subfield code="a">Neonatal nursing</subfield>
  </datafield>
  <datafield tag="700" ind1="1" ind2=" ">
    <subfield code="a">Boxwell, Glenys,</subfield>
    <subfield code="d">1957-</subfield>
    <subfield code="9">23585</subfield>
  </datafield>
  <datafield tag="942" ind1=" " ind2=" ">
    <subfield code="2">ddc</subfield>
    <subfield code="c">NRB</subfield>
  </datafield>
  <datafield tag="999" ind1=" " ind2=" ">
    <subfield code="c">15239</subfield>
    <subfield code="d">15239</subfield>
  </datafield>
  <datafield tag="952" ind1=" " ind2=" ">
    <subfield code="0">0</subfield>
    <subfield code="1">0</subfield>
    <subfield code="2">ddc</subfield>
    <subfield code="4">0</subfield>
    <subfield code="7">0</subfield>
    <subfield code="8">Academic</subfield>
    <subfield code="a">MAIN</subfield>
    <subfield code="b">MAIN</subfield>
    <subfield code="c">1ST</subfield>
    <subfield code="d">2011-05-03</subfield>
    <subfield code="e">purchase</subfield>
    <subfield code="g">299.90</subfield>
    <subfield code="h">2065</subfield>
    <subfield code="l">4</subfield>
    <subfield code="m">40</subfield>
    <subfield code="o">618.9201 NEO</subfield>
    <subfield code="p">000023520</subfield>
    <subfield code="q">2018-11-24</subfield>
    <subfield code="r">2016-02-21 00:00:00</subfield>
    <subfield code="s">2016-02-21</subfield>
    <subfield code="y">BB</subfield>
  </datafield>
  <datafield tag="952" ind1=" " ind2=" ">
    <subfield code="0">0</subfield>
    <subfield code="1">0</subfield>
    <subfield code="2">ddc</subfield>
    <subfield code="4">0</subfield>
    <subfield code="7">0</subfield>
    <subfield code="8">Academic</subfield>
    <subfield code="a">MAIN</subfield>
    <subfield code="b">MAIN</subfield>
    <subfield code="c">1ST</subfield>
    <subfield code="d">2011-05-03</subfield>
    <subfield code="e">purchase</subfield>
    <subfield code="g">299.90</subfield>
    <subfield code="h">12149</subfield>
    <subfield code="l">6</subfield>
    <subfield code="m">23</subfield>
    <subfield code="o">618.9201 NEO</subfield>
    <subfield code="p">000023521</subfield>
    <subfield code="r">2025-07-15 00:00:00</subfield>
    <subfield code="s">2018-10-11</subfield>
    <subfield code="y">BB</subfield>
  </datafield>
</record>
